Statystyki dla Wszystkie państwa i plemiona w grze Europa Universalis IV

Kliknij tutaj aby rozwiązać quiz!

Ogólne statystyki

  • Ten quiz został rozwiązany 437 razy
  • Średni wynik to 73 z 500

Statystyki odpowiedzi

RegionPaństwo% Poprawnych
SkandynawiaSweden
92%
SkandynawiaDenmark
90%
SkandynawiaNorway
90%
PolskaPoland
84%
Wyspy BrytyjskieEngland
78%
BałkanySerbia
75%
KarpatyHungary
74%
Wyspy BrytyjskieScotland
74%
FrancjaFrance
73%
ŚciekiOttomans
69%
TybetU
69%
Południowe NiemcyAustria
68%
IberiaAragon
67%
BałkanyBosnia
67%
BałtykLithuania
67%
IberiaPortugal
66%
BałtykTeutonic Order
63%
WłochyThe Papal State
63%
WłochyVenice
62%
BałtykLivonia
61%
BałkanyAlbania
60%
KarpatyWallachia
60%
KarpatyMoldavia
59%
Północne NiemcyBohemia
58%
Północne NiemcyBrandenburg
57%
IberiaCastile
57%
WłochyNaples
57%
BałkanyByzantium
56%
Południowe Chiny | Północne Chiny | XinanMing
55%
PolskaMazovia
54%
WłochyMilan
54%
FrancjaBurgundy
53%
SkandynawiaHolstein
53%
NiderlandyHolland
52%
MagrebTunis
52%
BałkanyAthens
51%
RosjaMuscovy
51%
PolskaSilesia
51%
FrancjaSavoy
50%
WłochyGenoa
49%
Północne NiemcyPomerania
49%
BałtykRiga
49%
Wielki StepCrimea
48%
IberiaNavarra
48%
Południowe NiemcyBavaria
47%
WłochyFlorence
46%
BałkanyRagusa
46%
Północne NiemcySaxony
46%
IberiaGranada
45%
Północne NiemcyLubeck
45%
EgiptMamluks
45%
UralPerm
45%
KhorasanTimurids
45%
FrancjaBrittany
44%
Południowe NiemcyULM
44%
UralGreat Horde
43%
Północne NiemcyHamburg
43%
UralKazan
43%
MeksykAztec
42%
KoreaKorea
41%
MagrebMorocco
41%
RosjaNovgorod
40%
KaukazGeorgia
39%
Południowe NiemcySwitzerland
39%
BengalBengal
37%
WłochyFerrara
37%
FrancjaProvence
37%
Wielki StepTheodoro
36%
Róg AfrykiEthiopia
35%
NigerKong
35%
NigerMali
35%
HindustanDelhi
34%
AnatoliaKaraman
34%
MongoliaMongolia
34%
Północne Niemcy | Wyspy BrytyjskieMunster
34%
WłochySiena
34%
NiderlandyBrabant
33%
BałkanyCorfu
33%
DekanBahmanis
32%
Północne NiemcyCologne
32%
BałkanyNaxos
32%
Azja ŚrodkowaNogai
32%
ArabiaOman
32%
RosjaPskov
32%
RosjaRyazan
32%
WłochyUrbino
32%
Zachodnia SyberiaUzbek
32%
RosjaTver
31%
ArabiaYemen
30%
Północne NiemcyBremen
29%
WłochyLucca
29%
Południowe NiemcySalzburg
29%
KhorasanAfghanistan
28%
Północne NiemcyFrankfurt
27%
WłochyMantua
27%
MongoliaOirat
27%
Północne NiemcyAnhalt
26%
Wyspy BrytyjskieDesmond
26%
JaponiaSo
26%
Wyspy BrytyjskieThe Isles
26%
Wyspy BrytyjskieUlster
26%
Północne NiemcyTrier
25%
KaukazCircassia
24%
NiderlandyEast Frisia
24%
PersjaHormuz
24%
ArabiaNajd
24%
Południowe NiemcyThe Palatinate
24%
MagrebTlemcen
24%
Azja ŚrodkowaTransoxiana
24%
AnatoliaTrebizond
24%
Północne NiemcyMagdeburg
23%
NiderlandyUtrecht
23%
FrancjaLorraine
22%
Południowe NiemcyMainz
22%
Północne NiemcyMecklenburg
22%
PersjaAjam
21%
NiderlandyFriesland
21%
Wyspy BrytyjskieLeinster
21%
JaponiaOda
21%
JaponiaAshikaga
20%
Południowe NiemcyBaden
20%
MagrebDjerid
20%
MagrebFezzan
20%
Północne NiemcyHesse
20%
KongoKongo
20%
MalezjaMalacca
20%
FrancjaNevers
20%
Południowe NiemcyAugsburg
19%
IndonezjaBrunei
19%
Północne NiemcyBrunswick
19%
AnatoliaDulkadir
19%
Wschodnia AfrykaKilwa
19%
MongoliaKorchin
19%
Północne NiemcyAachen
18%
Południowe NiemcyAlsace
18%
RosjaBeloozero
18%
MongoliaChagatai
18%
NiderlandyLiege
18%
AnatoliaRamazan
18%
SahelAir
17%
GwineaBenin
17%
PeruCusco
17%
PersjaFars
17%
Środkowa AfrykaKuba
17%
Północne NiemcyLuneburg
17%
ArabiaMedina
17%
AnatoliaAq Qoyunlu
16%
NiderlandyGelre
16%
WłochyMontferrat
16%
BengalOrissa
16%
MagrebSus
16%
Północne NiemcyVerden
16%
KaukazArdabil
15%
Północne NiemcyDithmarschen
15%
HindustanJaunpur
15%
Indie ZachodnieMalwa
15%
Południowe NiemcyAnsbach
14%
ArabiaHejaz
14%
KaukazImereti
14%
PersjaKhorasan
14%
Południowe NiemcyMemmingen
14%
Północne NiemcyOldenburg
14%
SahelSonghai
14%
Wyspy BrytyjskieTyrone
14%
DekanVijayanagar
14%
BirmaAva
13%
IndochinyAyutthaya
13%
IndochinyDai Viet
13%
Indie ZachodnieGujarat
13%
AnatoliaHisn Kayfa
13%
Indie ZachodnieMewar
13%
MagrebMzab
13%
Indie ZachodnieSindh
13%
IndochinyKhmer
12%
Wyspy BrytyjskieKildare
12%
Środkowa AfrykaLuba
12%
Północne NiemcyNassau
12%
Wyspy BrytyjskieOffaly
12%
Południowe NiemcyRavensburg
12%
RosjaRostov
12%
KaukazShirvan
12%
SahelTimbuktu
12%
JaponiaUesugi
12%
RosjaYaroslavl
12%
NiderlandyFlandres
11%
JaponiaHosokawa
11%
IndonezjaMajapahit
11%
Wyspy BrytyjskieOrmond
11%
Północne NiemcySaxe-Lauenburg
11%
Południowe NiemcyWurzburg
11%
Azja ŚrodkowaYarkand
11%
Północne NiemcyCleves
10%
JaponiaDate
10%
MalezjaPasai
10%
JaponiaShimazu
10%
KhorasanSistan
10%
Wyspy BrytyjskieThomond
10%
JaponiaTokugawa
10%
Południowe NiemcyWurttemberg
10%
MandżuriaYeren
10%
JaponiaAinu
9%
Zatoka HudsonCree
9%
MandżuriaHaixi
9%
MandżuriaJianzhou
9%
GwineaJolof
9%
Róg AfrykiKaffa
9%
Południowe NiemcyNuremberg
9%
BirmaPegu
9%
JaponiaRyukyu
9%
Wyspy BrytyjskieSligo
9%
ArabiaAden
8%
Róg AfrykiAjuuraan
8%
MississippiCherokee
8%
HindustanMultan
8%
Południowa AfrykaMutapa
8%
RuśOdojev
8%
TybetTsang
8%
KaukazAvaria
7%
Południowa AfrykaButua
7%
KaukazGazikumukh
7%
Wschodnia SyberiaKamchadals
7%
TybetKham
7%
ArabiaMahra
7%
EgiptMakuria
7%
PersjaMushasha
7%
HindustanSirhind
7%
Róg AfrykiAdal
6%
ArabiaAnizah
6%
BengalAssam
6%
NigerDahomey
6%
MandżuriaDonghai
6%
MaszrekFadl
6%
ArabiaHaasa
6%
KanadaHuron
6%
Północny Zachód AmerykiIroquois
6%
KoromandelKotte
6%
IndonezjaKutai
6%
PersjaLuristan
6%
MagrebMarrakesh
6%
PersjaMazandaran
6%
DekanMysore
6%
ArabiaShammar
6%
MalezjaSiak
6%
JaponiaTakeda
6%
Wyspy BrytyjskieTyrconnell
6%
Róg AfrykiWarsangali
6%
Róg AfrykiAlodia
5%
PersjaArdalan
5%
Zatoka HudsonBlackfoot
5%
PersjaGilan
5%
TybetGuge
5%
MongoliaKara Del
5%
HindustanKashmir
5%
IndochinyLan Xang
5%
Róg AfrykiMedri Bahri
5%
Róg AfrykiMogadishu
5%
JaponiaOtomo
5%
JaponiaOuchi
5%
NigerOyo
5%
BrazyliaPotiguara
5%
Środkowa AfrykaRwanda
5%
MandżuriaSolon
5%
MolukiSulu
5%
IndonezjaSunda
5%
MagrebTouggourt
5%
SahelYao
5%
ArabiaYas
5%
KoromandelAndhra
4%
Róg AfrykiBeja
4%
MississippiCaddo
4%
KolumbiaCarib
4%
MolukiCebu
4%
IndochinyChampa
4%
MississippiCreek
4%
ArabiaDawasir
4%
Róg AfrykiDongola
4%
ArabiaHadramut
4%
JaponiaHatakeyama
4%
JaponiaImagawa
4%
JaponiaIto
4%
Ameryka ŚrodkowaItza
4%
BirmaKale
4%
KoromandelKandy
4%
SahelKanem Bornu
4%
DekanMaldives
4%
Wielkie JezioraMiami
4%
Wschodnia AfrykaMombasa
4%
Indie ZachodnieNagaur
4%
KanadaOttawa
4%
BirmaProme
4%
KaliforniaPueblo
4%
ArabiaRassids
4%
JaponiaShiba
4%
MolukiTondo
4%
JaponiaYamana
4%
JaponiaAndo
3%
KaliforniaApache
3%
PersjaBiapas
3%
AnatoliaBitlis
3%
Wschodnia SyberiaChukchi
3%
Wyspy BrytyjskieClanricarde
3%
Wielkie JezioraFox
3%
KaskadiaHaida
3%
KongoKasanje
3%
Środkowa AfrykaKikondja
3%
BengalKoch
3%
KongoLoango
3%
KongoLunda
3%
SahelMacina
3%
Indie ZachodnieMewat
3%
BirmaMong Kwang
3%
BirmaMong Yang
3%
KaliforniaNavajo
3%
TybetSarig Yogir
3%
Południowa AfrykaSofala
3%
MagrebTafilalt
3%
MolukiTidore
3%
JaponiaToki
3%
MandżuriaUdege
3%
JaponiaAmago
2%
BirmaArakan
2%
KhorasanBeluchistan
2%
Środkowa AfrykaBuganda
2%
Środkowa AfrykaBuha
2%
MolukiButon
2%
Górne PeruCharca
2%
JaponiaChiba
2%
Róg AfrykiDamot
2%
HindustanDang
2%
HindustanDoti
2%
HindustanGorkha
2%
Indie ZachodnieJangladesh
2%
NigerJenne
2%
KaukazKharabakh
2%
Indie ZachodnieKutch
2%
HindustanLadakh
2%
IndochinyLan Na
2%
KoromandelMadurai
2%
MolukiMadyas
2%
MolukiMakassar
2%
Wschodnia AfrykaMalindi
2%
BengalManipur
2%
Wschodnia AfrykaMaravi
2%
Róg AfrykiMarehan
2%
BirmaMong Pai
2%
NigerMossi
2%
JaponiaNanbu
2%
KongoNdongo
2%
MandżuriaNivkh
2%
MalezjaPagarruyung
2%
MalezjaPalembang
2%
Wschodnia AfrykaPate
2%
PersjaQara Qoyounlu
2%
Wschodnia AfrykaSakalava
2%
JaponiaSatake
2%
Wielkie JezioraShawnee
2%
JaponiaShoni
2%
BirmaTaungu
2%
MolukiTernate
2%
BrazyliaTupinamba
2%
KongoTyo
2%
Północny Zachód AmerykiAbenaki
1%
Wschodnia AfrykaAntemoro
1%
KolumbiaArawak
1%
Zatoka HudsonAssiniboine
1%
HindustanBaghelkhand
1%
Indie ZachodnieBaglana
1%
Wschodnia AfrykaBetsimisaraka
1%
NigerBonoman
1%
Środkowa AfrykaBunyoro
1%
Środkowa AfrykaBurundi
1%
Środkowa AfrykaBusoga
1%
MolukiButuan
1%
DekanChanda
1%
La PlataCharrua
1%
MississippiChoctaw
1%
Środkowa AfrykaChokwe
1%
Wielkie RówninyComanche
1%
NigerDagbon
1%
DekanGarha
1%
HindustanGarhwal
1%
BengalGarjat
1%
BrazyliaGuarani
1%
Róg AfrykiHadiya
1%
HindustanHadoti
1%
BirmaHsenwi
1%
BirmaHsipaw
1%
Indie ZachodnieIdar
1%
Wschodnia AfrykaImerina
1%
JaponiaIsshiki
1%
KoromandelJaffna
1%
Indie ZachodnieJaisalmer
1%
Róg AfrykiJanjiro
1%
BengalJeypore
1%
BengalJharkhand
1%
HindustanJumla
1%
BengalKachar
1%
Środkowa AfrykaKalundwe
1%
HindustanKangra
1%
NigerKano
1%
Środkowa AfrykaKaragwe
1%
HindustanKathmandu
1%
NigerKatsina
1%
Środkowa AfrykaKazembe
1%
MalezjaKedah
1%
Wschodnia SyberiaKhodynt
1%
JaponiaKikuchi
1%
Wielkie RówninyKiowa
1%
JaponiaKitabatake
1%
DekanKochin
1%
JaponiaKono
1%
Północny Zachód AmerykiLenape
1%
MalezjaLigor
1%
HindustanLimbuwan
1%
Rio GrandeLipan
1%
MolukiLuwu
1%
MolukiMaguindanao
1%
Wschodnia AfrykaMahafaly
1%
Wschodnia AfrykaMakua
1%
La PlataMapuche
1%
MolukiMaynila
1%
ArabiaMikhlaf
1%
KanadaMikmaq
1%
BirmaMong Nai
1%
KolumbiaMuisca
1%
ArabiaNajran
1%
NigerNupe
1%
JaponiaOgasawara
1%
MississippiOsage
1%
MolukiPangasinan
1%
BengalPatna
1%
MalezjaPattani
1%
Wielkie RówninyPawnee
1%
Północny Zachód AmerykiPequot
1%
KaliforniaPima
1%
Indie ZachodniePorbandar
1%
Południowy Zachód AmerykiPowhatan
1%
BengalRatanpur
1%
Indie ZachodnieRewa Kantha
1%
BengalSadiya
1%
KaskadiaSalish
1%
KaukazSamtskhe
1%
KaskadiaShoshone
1%
Wielkie JezioraSioux
1%
IndochinySukhothai
1%
DekanTelingana
1%
HindustanTirhut
1%
JaponiaTsutsui
1%
Wschodnia AfrykaTumbuka
1%
DekanVenad
1%
Róg AfrykiWelayta
1%
Rio GrandeWichita
1%
KongoYaka
1%
NigerZazzau
1%
Zatoka HudsonArapaho
0%
BengalBastar
0%
BengalBishnupur
0%
HindustanBundelkhand
0%
DekanCalicut
0%
Wschodnia SyberiaChavchuveny
0%
Wielkie JezioraCheyenne
0%
MississippiChickasaw
0%
KaskadiaChinook
0%
Indie ZachodnieDhundar
0%
Róg AfrykiEnnarea
0%
HindustanGwalior
0%
Wielkie JezioraIlliniwek
0%
Indie ZachodnieJhalavad
0%
Indie ZachodnieJunagarh
0%
BengalKalahandi
0%
HindustanKalinjar
0%
HindustanKapli
0%
BengalKeonhjar
0%
KaliforniaKeres
0%
Indie ZachodnieKhandesh
0%
DekanKolathunad
0%
HindustanKumaon
0%
Wschodnia AfrykaLundu
0%
Północny Zachód AmerykiMahican
0%
Rio GrandeMescalero
0%
Środkowa AfrykaNkore
0%
KanadaOjibwe
0%
Indie ZachodniePalitana
0%
BengalParlakhimidi
0%
Wielkie JezioraPotawatomi
0%
TybetSikkim
0%
HindustanSirmur
0%
Północny Zachód AmerykiSusquehannock
0%
KolumbiaTairona
0%
BrazyliaTapuia
0%
MagrebTetouan
0%
BengalTripura
0%
BrazyliaTupiniquim
0%
JaponiaUtsonomiya
0%
KaliforniaYaqui
0%
KaliforniaYokuts
0%
KaliforniaZuni
0%

Rozkład punktacji

Percentyl według liczby udzielonych odpowiedzi

Procent ludzi z każdym wynikiem

Twoja historia wyników

Nie rozwiązałeś tego quizu